Estudio de pre factibilidad para la instalación de un restaurante llamado VEROLI, ubicado en el Municipio de Masaya en el periodo 2016-2020
Presenta un estudio de factibilidad para la instalación de un restaurante en el municipio de Masaya en el periodo del 2016-2020. Se realiza un estudio de mercado que analice el comportamiento de los consumidores potenciales y determine la demanda potencial insatisfecha. Determina el tamaño, la loc...
| Main Authors: | , , |
|---|---|
| Other Authors: | |
| Format: | Tesis Section = Libro |
| Language: | Undetermined Spanish |
| Published: |
Managua
UNI
2016
|
| Subjects: |
| LEADER | 01524nam a2200313Ia 4500 | ||
|---|---|---|---|
| 008 | 240830s9999 xx 000 0 und d | ||
| 040 | |a BIBLIOTECA-RUPAP Mon 658.11 D542 | ||
| 041 | |a spa | ||
| 082 | |a Mon 658.11 D542 | ||
| 100 | 1 | |a Diaz Alemán, Gerald de Jesús | |
| 100 | 1 | |b Torrez Mendoza, Eliezer Alexander | |
| 100 | 1 | |c Salazar García, Jairo Josué. | |
| 245 | 1 | 0 | |a Estudio de pre factibilidad para la instalación de un restaurante llamado VEROLI, ubicado en el Municipio de Masaya en el periodo 2016-2020 |
| 260 | |a Managua |b UNI |c 2016 | ||
| 300 | |a 251 p. :il. | ||
| 500 | |a Contiene: anexos y CD. | ||
| 502 | |a Tesis (Ingeniero Industrial)- UNI, 2016. | ||
| 520 | 3 | |a Presenta un estudio de factibilidad para la instalación de un restaurante en el municipio de Masaya en el periodo del 2016-2020. Se realiza un estudio de mercado que analice el comportamiento de los consumidores potenciales y determine la demanda potencial insatisfecha. Determina el tamaño, la localización, los equipos e instalación del restaurante. Evalúa la rentabilidad financiera de la inversión mediante la utilización de los criterios financieros tales como VPN y TIR. | |
| 650 | 7 | |a ESTUDIO DE FACTIBILIDAD | |
| 650 | 7 | |b ESTUDIO DE MERCADO | |
| 650 | 7 | |c ESTUDIO ORGANIZACIONAL | |
| 650 | 7 | |d ESTUDIO LEGAL | |
| 650 | 7 | |e ESTUDIO MEDIO AMBIENTE | |
| 650 | 7 | |f ESTUDIO FINANCIERO | |
| 650 | 7 | |h RESTAURANTES. | |
| 700 | 1 | |a Tutor: |b Vílchez Torres, Marcos Luis | |
| 942 | |c BK |2 ddc | ||
| 991 | |a TESIS | ||
| 999 | |c 16891 | ||